[Event "Arad op 15th"]
[Site "Arad"]
[Date "2022.08.10"]
[Round "4"]
[White "Rujan, Rodel Marinel"]
[Black "Veneteanu, Mihai"]
[Result "0-1"]
[WhiteElo "1785"]
[BlackElo "2025"]
[PlyCount "55"]
[EventDate "2022.08.08"]
[EventType "swiss"]
[EventRounds "9"]
[EventCountry "ROU"]
[SourceTitle "CBM 209 Extra"]
[Source "ChessBase"]
[SourceDate "2022.09.30"]
[SourceVersion "1"]
[SourceVersionDate "2022.09.30"]
[SourceQuality "1"]

1. e4 c5 2. Nf3 d6 3. c3 Nf6 4. Be2 e6 5. 0-0 Nc6 6. d3 Be7 7. Re1 0-0 8. Bf1 Qc7 9. a4 e5 10. Nbd2 Be6 11. Nc4 h6 12. Qc2 Rfe8 13. Bd2 Bf8 14. Ne3 d5 15. c4 dxe4 16. dxe4 Nd4 17. Nxd4 cxd4 18. Nd1 g6 19. f3 Rac8 20. Rc1 a5 21. Nf2 Nd7 22. b3 Nc5 23. Nd3 Kh7 24. Nxc5 Bxc5 25. Bd3 Kg7 26. Kh1 b6 27. Rf1 Bd6 28. Rce1 0-1

[Event "Arad op-B 14th"]
[Site "Arad"]
[Date "2021.08.06"]
[Round "9"]
[White "Butusina, Samuel"]
[Black "Rujan, Rodel Marinel"]
[Result "1/2-1/2"]
[WhiteElo "1823"]
[BlackElo "1765"]
[PlyCount "131"]
[EventDate "2021.07.30"]
[EventType "swiss"]
[EventRounds "9"]
[EventCountry "ROU"]
[SourceTitle "EXT 2022"]
[Source "ChessBase"]
[SourceDate "2021.10.06"]
[SourceVersion "1"]
[SourceVersionDate "2021.10.06"]
[SourceQuality "1"]

1. b3 Nf6 2. Bb2 d5 3. Bxf6 exf6 4. d4 g6 5. c3 Bg7 6. e3 0-0 7. Bd3 f5 8. Ne2 b6 9. Nd2 Bb7 10. 0-0 Nd7 11. Qc2 c5 12. Rac1 Rc8 13. Rfe1 Re8 14. Bb5 a6 15. Bxd7 Qxd7 16. Nf3 Qd6 17. Qd2 Red8 18. a4 a5 19. Red1 c4 20. b4 axb4 21. cxb4 Bf8 22. Rb1 Ra8 23. Nc3 Bc6 24. Qc2 Ra7 25. Rb2 Rda8 26. Ra1 f6 27. g3 Qd7 28. b5 Bb7 29. h4 Bc8 30. Qe2 Qf7 31. Ne1 Rd7 32. Ng2 Bb7 33. Qf3 Bd6 34. h5 Kg7 35. Nh4 Qe7 36. Qe2 Ba3 37. Rba2 Bb4 38. Qc2 Qe6 39. Rb1 Bd6 40. Ne2 Bc8 41. hxg6 hxg6 42. g4 Qe4 43. Qxe4 fxe4 44. Nc3 Bb8 45. Kg2 Rd8 46. f3 Rh8 47. Rh1 exf3+ 48. Kxf3 Kf7 49. Raa1 Bb7 50. Ng2 Bd6 51. Nf4 Bb4 52. Ncxd5 g5 53. e4 Ba5 54. Rxh8 Rxh8 55. Nh5 Bxd5 56. exd5 Kg6 57. Ke4 Re8+ 58. Kf3 Rh8 59. Rc1 c3 60. Ng3 Rh3 61. Kg2 Rh4 62. Kf3 Kf7 63. Rc2 Kg6 64. Rc1 Rh2 65. Ne4 c2 66. Nf2 1/2-1/2

[Event "Arad op-B 14th"]
[Site "Arad"]
[Date "2021.08.01"]
[Round "4"]
[White "Rujan, Rodel Marinel"]
[Black "Bejan, Sergiu"]
[Result "1-0"]
[WhiteElo "1765"]
[BlackElo "1909"]
[PlyCount "61"]
[EventDate "2021.07.30"]
[EventType "swiss"]
[EventRounds "9"]
[EventCountry "ROU"]
[SourceTitle "EXT 2022"]
[Source "ChessBase"]
[SourceDate "2021.10.06"]
[SourceVersion "1"]
[SourceVersionDate "2021.10.06"]
[SourceQuality "1"]

1. e4 e6 2. d4 d5 3. Nd2 dxe4 4. Nxe4 Nf6 5. Nxf6+ Qxf6 6. Nf3 h6 7. Bd3 Bd6 8. 0-0 0-0 9. Qe2 Rd8 10. b3 Nc6 11. Bb2 Nb4 12. Be4 Nd5 13. g3 Qe7 14. c4 f5 15. Bb1 Nf4 16. gxf4 Bxf4 17. Bxf5 Rf8 18. Bh3 Qf7 19. Ne5 Qf6 20. Qg4 g5 21. Qh5 Kh7 22. Rae1 Qg7 23. Bg2 Bxe5 24. Rxe5 Bd7 25. Bxb7 Rad8 26. Be4+ Kg8 27. Qg6 Qxg6 28. Bxg6 Rf4 29. Re4 Rf3 30. Bh5 Rd3 31. Rd1 1-0

[Event "Gibraltar Masters 11th"]
[Site "Caleta"]
[Date "2013.01.30"]
[Round "9"]
[White "Lee, Kai Jie Edward"]
[Black "Rujan, Rodel Marinel"]
[Result "0-1"]
[WhiteElo "2164"]
[BlackElo "1759"]
[PlyCount "110"]
[EventDate "2013.01.22"]
[EventType "swiss"]
[EventRounds "10"]
[EventCountry "GGB"]
[SourceTitle "CBM 153"]
[Source "ChessBase"]
[SourceDate "2013.03.14"]
[SourceVersion "1"]
[SourceVersionDate "2013.03.14"]
[SourceQuality "1"]

1. e4 d6 2. d4 Nf6 3. Nc3 g6 4. Be3 c6 5. Qd2 Nbd7 6. f3 b5 7. g4 h6 8. h4 Nb6 9. b3 Bg7 10. Nge2 Qc7 11. Rd1 a5 12. d5 b4 13. Bxb6 Qxb6 14. Na4 Qc7 15. dxc6 Qxc6 16. Nd4 Qb7 17. Bg2 Bd7 18. 0-0 Qa7 19. Kh1 Rc8 20. Nb2 0-0 21. Nc4 Rfd8 22. Qf2 Qc5 23. Ne3 Be8 24. Ne2 Bb5 25. Rd2 Kf8 26. Rfd1 Ba6 27. Nf4 e6 28. Nd3 Qb5 29. Qg3 Qb6 30. Nf1 Bb7 31. Nb2 Nxe4 32. fxe4 Bxb2 33. Rxd6 Rxd6 34. Rxd6 Qc5 35. Qd3 Qf2 36. Rd8+ Kg7 37. Rxc8 Qxh4+ 38. Kg1 Bxc8 39. Qc4 Bb7 40. e5 Bxg2 41. Kxg2 h5 42. gxh5 Qxc4 43. bxc4 gxh5 44. c5 Bxe5 45. Ne3 Kf8 46. Nc4 Bc7 47. Kh3 Ke7 48. c6 e5 49. Kh4 Ke6 50. Kxh5 f5 51. Kg5 Bd8+ 52. Kg6 e4 53. Ne3 f4 54. Nf5 Ke5 55. Ne7 e3 0-1

[Event "Arad op"]
[Site "Arad"]
[Date "2012.07.27"]
[Round "1"]
[White "Rujan, Rodel Marinel"]
[Black "Stegariu, Vlad Ionut"]
[Result "0-1"]
[WhiteElo "1792"]
[BlackElo "2236"]
[PlyCount "56"]
[EventDate "2012.07.27"]
[EventType "swiss"]
[EventRounds "9"]
[EventCountry "ROU"]
[SourceTitle "CBM 149 Extra"]
[Source "ChessBase"]
[SourceDate "2012.08.24"]
[SourceVersion "1"]
[SourceVersionDate "2012.08.24"]
[SourceQuality "1"]

1. e4 c5 2. Nf3 e6 3. c4 d6 4. d4 cxd4 5. Nxd4 Nf6 6. Nc3 a6 7. Be2 Qc7 8. 0-0 Be7 9. Be3 b6 10. f4 Bb7 11. Bf3 Nbd7 12. Rc1 Rc8 13. g4 Nc5 14. Qc2 g6 15. g5 Nh5 16. f5 e5 17. Bxh5 gxh5 18. Nb3 Bxg5 19. Bxg5 Rg8 20. h4 h6 21. Rf2 Nxb3 22. axb3 hxg5 23. hxg5 Rxg5+ 24. Rg2 Qc5+ 25. Kh2 Qe3 26. Rcg1 Qf4+ 27. Kh3 f6 28. Qe2 Rg4 0-1

[Event "Gibraltar Challengers-B 8th"]
[Site "Caleta"]
[Date "2010.02.04"]
[Round "5"]
[White "Kvisla, Johannes Luangtep"]
[Black "Rujan, Rodel Marinel"]
[Result "1-0"]
[WhiteElo "2161"]
[BlackElo "1940"]
[PlyCount "107"]
[EventDate "2010.01.31"]
[EventType "swiss"]
[EventRounds "5"]
[EventCountry "GGB"]
[SourceTitle "EXT 2011"]
[Source "ChessBase"]
[SourceDate "2010.11.26"]
[SourceVersion "1"]
[SourceVersionDate "2010.11.26"]
[SourceQuality "1"]

1. d4 d5 2. Nf3 Nf6 3. c4 e6 4. g3 Be7 5. Bg2 0-0 6. 0-0 b6 7. cxd5 exd5 8. Bf4 Bb7 9. Qc2 c5 10. Rd1 Nc6 11. dxc5 bxc5 12. Nc3 Qb6 13. Ne5 Rfd8 14. Rac1 Nb4 15. Qb1 d4 16. Na4 Qb5 17. Bxb7 Qxb7 18. Nxc5 Qd5 19. Nb3 g5 20. Nxd4 gxf4 21. Nec6 Nxc6 22. Nxc6 Qe6 23. Nxd8 Bxd8 24. Qc2 fxg3 25. hxg3 Qh3 26. Qc6 Ng4 27. Qg2 Qxg2+ 28. Kxg2 Bb6 29. e3 Bxe3 30. fxe3 Nxe3+ 31. Kf3 Nxd1 32. Rxd1 Rb8 33. b3 Rb6 34. Rd3 Kg7 35. Ke4 Kg6 36. Rf3 f5+ 37. Kd5 Kg5 38. Rf4 Ra6 39. a4 Ra5+ 40. Kc6 h5 41. Kb7 Re5 42. Kxa7 Re3 43. b4 Rxg3 44. Rc4 h4 45. b5 h3 46. b6 h2 47. b7 Rb3 48. Rc1 Ra3 49. Kb6 Rxa4 50. Kc5 Ra5+ 51. Kc4 Ra4+ 52. Kc5 Ra5+ 53. Kb4 Ra2 54. Kb3 1-0